Responsible sales and services of alcohol : (Record no. 362864)
[ view plain ]
| 000 -LEADER | |
|---|---|
| fixed length control field | 00517nam a2200133Ia 4500 |
| 008 - FIXED-LENGTH DATA ELEMENTS--GENERAL INFORMATION | |
| fixed length control field | 191209s9999 xx 000 0 und d |
| 020 ## - INTERNATIONAL STANDARD BOOK NUMBER | |
| International Standard Book Number | 978-1-9101581-8-0 |
| 100 ## - MAIN ENTRY--PERSONAL NAME | |
| Personal name | Murphy, James |
| 245 ## - TITLE STATEMENT | |
| Statement of responsibility, etc | James Murphy.-- |
| Title | Responsible sales and services of alcohol : |
| Remainder of title | For the tourism, hospitality, and retail industries / |
| 260 ## - PUBLICATION, DISTRIBUTION, ETC. (IMPRINT) | |
| Place of publication, distribution, etc | UK : |
| Name of publisher, distributor, etc | Goodfellow Publishers Ltd. |
| Date of publication, distribution, etc | 2015 |
| 300 ## - PHYSICAL DESCRIPTION | |
| Extent | 224 pages : |
| Dimensions | 25 cm. |
| 650 ## - SUBJECT ADDED ENTRY--TOPICAL TERM | |
| Topical term or geographic name as entry element | Alcoholic beverage industry -- Moral and ethical aspects. |
| 650 ## - SUBJECT ADDED ENTRY--TOPICAL TERM | |
| Topical term or geographic name as entry element | Alcoholic beverage industry. |
| Withdrawn status | Lost status | Source of classification or shelving scheme | Damaged status | Home library | Current library | Shelving location | Date acquired | Source of acquisition | Total Checkouts | Full call number | Barcode | Date last seen | Price effective from | Koha item type |
|---|---|---|---|---|---|---|---|---|---|---|---|---|---|---|
| Library of Congress Classification | Southville International School Affiliated with Foreign Universities Library | Southville International School Affiliated with Foreign Universities Library | Southville Foreign University Section | 12/09/2019 | Donation | HD 9350.5 .M978 2015 | SFU0472 | 12/09/2019 | 12/09/2019 | Books |